|
|
|
|
| LEADER |
01687nam a22003974a 4500 |
| 001 |
EBC865917 |
| 003 |
MiAaPQ |
| 005 |
20200520144314.0 |
| 006 |
m o d | |
| 007 |
cr cn||||||||| |
| 008 |
030912s2004 nyua sb 001 0 eng |
| 010 |
|
|
|z 2003020502
|
| 020 |
|
|
|z 0814782809 (cloth : alk. paper)
|
| 020 |
|
|
|z 0814782817 (pbk. : alk. paper)
|
| 035 |
|
|
|a (MiAaPQ)EBC865917
|
| 035 |
|
|
|a (Au-PeEL)EBL865917
|
| 035 |
|
|
|a (CaPaEBR)ebr10137172
|
| 035 |
|
|
|a (OCoLC)779828303
|
| 040 |
|
|
|a MiAaPQ
|c MiAaPQ
|d MiAaPQ
|
| 043 |
|
|
|a n-us---
|
| 050 |
|
4 |
|a HF5549.5.D7
|b T86 2004
|
| 082 |
0 |
4 |
|a 331.25/98
|2 22
|
| 100 |
1 |
|
|a Tunnell, Kenneth D.
|
| 245 |
1 |
0 |
|a Pissing on demand
|h [electronic resource] :
|b workplace drug testing and the rise of the detox industry /
|c Kenneth D. Tunnell.
|
| 260 |
|
|
|a New York :
|b New York University Press,
|c c2004.
|
| 300 |
|
|
|a vii, 179 p. :
|b ill.
|
| 490 |
1 |
|
|a Alternative criminology series
|
| 504 |
|
|
|a Includes bibliographical references (p. 165-172) and index.
|
| 505 |
0 |
|
|a The emergence of drug testing -- The drug testing industry -- The detox industry -- Drug testing as social monitoring and control -- The politics of resistance.
|
| 533 |
|
|
|a Electronic reproduction. Ann Arbor, MI : ProQuest, 2015. Available via World Wide Web. Access may be limited to ProQuest affiliated libraries.
|
| 650 |
|
0 |
|a Employees
|x Drug testing
|z United States.
|
| 650 |
|
0 |
|a Detoxification (Substance abuse treatment)
|z United States.
|
| 655 |
|
4 |
|a Electronic books.
|
| 710 |
2 |
|
|a ProQuest (Firm)
|
| 830 |
|
0 |
|a Alternative criminology series.
|
| 856 |
4 |
0 |
|u https://ebookcentral.proquest.com/lib/matrademy/detail.action?docID=865917
|z Click to View
|